Most Common Minecraft Biomes - Statistics

General Stats
  • This quiz has been taken 44 times
  • The average score is 10 of 18
Answer Stats
Frequency Biome % Correct
10.63% Plains
95%
12.35% Forest
89%
2.47% Desert
86%
29.75% All Oceans
84%
2.03% Jungle
73%
2.33% Birch Forest
70%
3.34% Taiga
70%
0.88% Badlands
65%
2.04% Dark Forest
62%
3.90% Savanna
59%
2.90% Snowy Plains
59%
7.03% All Rivers
57%
1.07% Swamp
54%
2.42% Beach
46%
1.19% Meadow
27%
2.28% Snowy Taiga
16%
1.40% Sparse Jungle
14%
1.19% Stony Shore
14%
No matching quizzes found
Score Distribution
Percent of People with Each Score
Percentile by Number Answered
Your Score History
You have not taken this quiz